000 01571cam a22001934a 4500
005 20250605163945.0
008 250528s ||||||||||||||||||||||||d
035 _a15176
020 _a135520274
040 _aGR-AtMCL
_bgre
_dGR-AtMCL
_eAACR2
245 1 _aBusiness Management
260 _bPrentice Hall,
_c1991
300 _a568
520 _aA comprehensive management textbook developed around six core themes selected for their relevance in management education, and their influence on effective, practical management. Foreword, Preface, Acknowledgements, Studying Management, The Nature and Process of Management, Case Studies for Management, Policy-Making and Planning and Objective-Setting, The Corporate Planning Process, Financial Appraisal of the Corporation, Objective-Setting Approaches, The Appraisal Process, Skills and Functions of Management, Effective Delegation Practice, Decision-Making, Communication in Organizations, Planning Processes at the Operating Level, Control Models and Processes, The Information Society, The Developing Role of Microcomputers, Applications of Management Information Systems, Developments in Corporate Planning, Management and Organization and Change, Schools of Organization and Management, Making Decisions about Organizational Structures, Leadership, Managing Change, An Integrated View of Management Systems in a Reach for Excellence, Reaching Towards Excellence Through Integration of Management Systems, Appendices, Index.
700 1 _aErskine Robert
_91039
942 _cBK
999 _c770
_d770